Historia y Ciencias Sociales, 4º Educación Media

Gespeichert in:
Bibliographische Detailangaben
Hauptverfasser: Iturriaga Echeverría, Jorge (VerfasserIn), Fernández Labbé, Marcos (VerfasserIn), Mancilla Vergara, Arturo Guillermo (VerfasserIn), Reyes del Villar, Soledad (VerfasserIn)
Format: Buch
Sprache:Spanisch
Veröffentlicht: Santiago, Chile Santillana del Pacífico 2005
Schriftenreihe:Textos Santillana para Educación Media
Schlagworte:
Tags: Tag hinzufügen
Keine Tags, Fügen Sie den ersten Tag hinzu!

MARC

LEADER 00000nam a2200000 a 4500
001 UCH2252
003 CL-VaPUC
005 20231109073943.0
008 090604e20050000CL |||||||||||||||||spa|d
999 |c 334037  |d 334035 
020 |a 9561510308 
040 |c Pontificia Universidad Católica de Valparaíso 
082 0 4 |a 900.712 ITU 2005  |2 21 
100 |a Iturriaga Echeverría, Jorge  |e author  |9 553382 
245 1 0 |a Historia y Ciencias Sociales, 4º Educación Media 
260 |a Santiago, Chile  |b Santillana del Pacífico  |c 2005 
300 |a 272 páginas 
490 0 |a Textos Santillana para Educación Media 
583 |a last modification  |c 20180314 11:03:10  |k Rodrigo Vera 
650 0 |a Enseñanza de la historia   |9 307330 
650 0 |a Enseñanza de la geografía  |9 310005 
650 0 |a Política mundial  |9 255739 
650 0 |a Historia contemporánea  |9 343224 
700 0 |a Fernández Labbé, Marcos  |e author  |9 536955 
700 |a Mancilla Vergara, Arturo Guillermo  |e author  |9 771866 
700 0 |a Reyes del Villar, Soledad  |e author  |9 536957 
942 |c BK  |2 ddc 
945 |d 20090604 00:00:00  |a cmena 
952 |0 0  |1 0  |2 ddc  |4 0  |6 900_712000000000000_ITU_2005  |7 0  |8 A  |9 422826  |a BIBHIS  |b BIBHIS  |d 2019-11-22  |i 4561449  |l 1  |m 1  |o 900.712 ITU 2005  |p 4561449  |r 2025-01-20  |s 2021-11-11  |t 1  |w 2019-11-22  |y BK  |k HIS